Hudud dalam fiqh islam
| Main Author: | |
|---|---|
| Format: | Book |
| Published: |
Skudai :
Penerbit Universiti Teknologi Malaysia ,
2000
|
| Subjects: |
MARC
| LEADER | 00000cam a2200000 7i4500 | ||
|---|---|---|---|
| 001 | 0000039665 | ||
| 005 | 20000914.0 | ||
| 020 | |a 9835201781 | ||
| 090 | 0 | 0 | |a 297.14 |b MOH |
| 100 | 0 | |a Mohd Said Ishak, | |
| 245 | 1 | 0 | |a Hudud dalam fiqh islam |c Mohd Said Ishak |
| 260 | |a Skudai : |b Penerbit Universiti Teknologi Malaysia , |c 2000 | ||
| 300 | |a 90p. ; |c 21cm. | ||
| 650 | 0 | 0 | |a Criminal law (Islamic law) |
| 650 | 0 | 0 | |a Islamic law |
| 650 | 0 | 0 | |a Judgement Day (Islam) |
| 999 | |a 093271 |b BUKU |c PINJAMAN |e PERPUSTAKAAN KOMUNITI PETALING JAYA | ||